Séville - Choix Multiples - Statistiques

Statistiques générales
  • Ce quiz a été pris 2 527 fois
    2 325 depuis la dernière actualisation
  • Le résultat moyen est 7 sur 10
Statistiques - réponses
Question Réponse % Correct
Dans quelle communauté autonome espagnole se trouve Séville ? Andalousie
94%
Pour quelle danse le quartier de Triana est-il connu ? Flamenco
91%
Quel fruit pousse en nombre dans la ville, profitant de son climat ? Orange
90%
Complétez le nom de cette pièce de Beaumarchais: Le ___ de Séville Barbier
82%
Quel fleuve relie le port de Séville à la mer ? Guadalquivir
74%
Quelles couleurs arbore le club de football du Real Betis? Vert et blanc
65%
Comment s'appelle le palais royal sévillan qui a accueilli les souverains de plusieurs dynasties musulmanes ? Alcazar
58%
Quel était le rôle de la Casa de Contratación entre 1503 et 1717 ? Gérer les colonies et le revenu qu'elles généraient
56%
Lequel de ces peintres, né en 1599, a fait la gloire de sa ville ?
45%
Quel saint est le saint-patron de la ville et l'auteur d'une fameuse encyclopédie médiévale ? Isidore
34%
Aucun quiz correspondant
Distribution des résultats
% des personnes avec chaque résultat
Percentile par nombre de réponses
Votre historique - résultats
Vous n’avez pas pris ce quiz depuis la dernière actualisation